00835nam a2200229Ii 45000010005000000030009000050080041000140400033000550410008000880840012000961000023001082450009001312640036001403000012001763360026001883370028002143380027002429400050002699990017003199520131003369520138004675431CO-ViMGA241108s9999||||xx |||||||||||||| ||und|| aCO-ViMGAbspaerdacCO-ViMGA0 aspa aN AUS1e1 aJane Austen94836210aEmma 1aMadrid, España : Salvat, 1972 avolumen atextbtxt2rdacontent aunmediatedbn2rdamedia avolumebnc2rdacarrier aidficha_siabuc: 5287. -- ficha_no_siabuc:5431 c43004d43004 001040708012aMEVIGERRbMEVIGERRcLITd2006-11-27oN AUS1epECA4550r2024-11-26 09:06:57tEj.1w2024-11-26yBKz5287 | 7509 001040708001aMEVIGERRbMEVIGERRcGENd2006-11-27hVol.1oN AUS1epECA4551r2024-11-26 09:06:57tEj.1w2024-11-26yBKz5287 | 7510